Истинный патриот России Виктор Никитович Михайлов (Запись № 9751914)
[ простой вид ]
| 000 -МАРКЕР | |
|---|---|
| контрольное поле | 01943nam0a2200337 i 4500 |
| 001 - ИДЕНТИФИКАТОР ЗАПИСИ | |
| контрольное поле | RU\NLR\BIBL_A\010410103 |
| 005 - ИДЕНТИФИКАТОР ВЕРСИИ | |
| контрольное поле | 20260407150440.0 |
| 010 ## - МЕЖДУНАРОДНЫЙ СТАНДАРТНЫЙ НОМЕР КНИГИ (ISBN) | |
| Номер (ISBN) | 9785951502438 |
| Тираж | 500 |
| 021 ## - НОМЕР ГОСУДАРСТВЕННОЙ РЕГИСТРАЦИИ | |
| Код страны | Российская Федерация |
| Номер | 2014-30421 |
| Номер Листа государственной регистраци | 1866 |
| 035 ## - ДРУГИЕ СИСТЕМНЫЕ НОМЕРА | |
| Идентификатор записи | (NILC)RuMoRGB-007211616 |
| 035 ## - ДРУГИЕ СИСТЕМНЫЕ НОМЕРА | |
| Идентификатор записи | (NLR Aleph) 010410103 |
| 100 ## - ДАННЫЕ ОБЩЕЙ ОБРАБОТКИ | |
| Данные общей обработки | 20140630d2014 um y0rusy50 ca |
| 101 0# - ЯЗЫК РЕСУРСА | |
| Язык текста, звукозаписи и т.д. | русский |
| 102 ## - СТРАНА ПУБЛИКАЦИИ ИЛИ ПРОИЗВОДСТВА | |
| Страна публикации | Российская Федерация |
| 105 ## - ПОЛЕ КОДИРОВАННЫХ ДАННЫХ: ТЕКСТОВЫЕ МАТЕРИАЛЫ, МОНОГРАФИЧЕСКИЕ | |
| Кодированные данные о монографическом текстовом документе | ach|z|||000yb |
| 200 1# - ЗАГЛАВИЕ И СВЕДЕНИЯ ОБ ОТВЕТСТВЕННОСТИ | |
| Основное заглавие | Истинный патриот России Виктор Никитович Михайлов |
| Сведения, относящиеся к заглавию | [к 80-летию Виктора Никитовича Михайлова, академика РАН и РАРАН, доктора технических наук, профессора, лауреата Ленинской и Государственной премий СССР и РФ] |
| Первые сведения об ответственности | ФГУП "Рос. федер. ядер. центр - Всерос. НИИ эксперимент. физики" |
| Последующие сведения об ответственности | [сост.: О.Ю. Смирнова] |
| 210 ## - ПУБЛИКАЦИЯ, РАСПРОСТРАНЕНИЕ И ДР. | |
| Место издания, распространения и т.д. | Саров |
| Имя издателя, распространителя и т. д. | РФЯЦ-ВНИИЭФ |
| Дата издания, распространения и т.д. | 2014 |
| 215 ## - ФИЗИЧЕСКАЯ ХАРАКТЕРИСТИКА | |
| Специфическое обозначение материала и объем | 109 с. |
| Другие сведения о физической характеристике | ил., цв. ил., портр., факс. |
| Размеры | 29 |
| 320 ## - ПРИМЕЧАНИЯ О НАЛИЧИИ В ДОКУМЕНТЕ БИБЛИОГРАФИИ / УКАЗАТЕЛЯ | |
| Текст примечания | Библиогр.: с. 109 (11 назв.) |
| 333 ## - ПРИМЕЧАНИЯ ОБ ОСОБЕННОСТЯХ РАСПРОСТРАНЕНИЯ И ИСПОЛЬЗОВАНИЯ | |
| Текст примечания | 12+ |
| 600 #1 - ИМЯ ЛИЦА КАК ПРЕДМЕТ | |
| Начальный элемент ввода | Михайлов |
| Часть имени, кроме начального элемента ввода | Виктор Никитович |
| Даты | 1934 - 2011 |
| Расширение инициалов личного имени | В. Н. |
| Системный номер авторитетной/нормативной записи | 2192953 |
| Идентификатор авторитетной/нормативной записи | RU\NLR\AUTH\6601553749 |
| 686 1# - ИНДЕКСЫ ДРУГИХ КЛАССИФИКАЦИЙ | |
| Индекс | В38д(2)Михайлов |
| 702 #1 - ИМЯ ЛИЦА - ВТОРИЧНАЯ ОТВЕТСТВЕННОСТЬ | |
| Код отношения | Составитель |
| Материалы, к которым относится поле | rus |
| Графика поля | Кириллица |
| Начальный элемент ввода | Смирнова |
| Часть имени, кроме начального элемента ввода | О. Ю. |
| Дополнения к именам, кроме дат | канд. филос. наук |
| Расширение инициалов личного имени | Ольга Юрьевна |
| Идентификатор авторитетной/нормативной записи | RU\NLR\AUTH\7731087 |
| Системный номер авторитетной/нормативной записи | 14100 |
| 702 #1 - ИМЯ ЛИЦА - ВТОРИЧНАЯ ОТВЕТСТВЕННОСТЬ | |
| Код отношения | Прочие |
| Материалы, к которым относится поле | rus |
| Графика поля | Кириллица |
| Начальный элемент ввода | Михайлов |
| Часть имени, кроме начального элемента ввода | В. Н. |
| Дополнения к именам, кроме дат | д-р техн. наук, физик-ядерщик |
| Даты | 1934-2011 |
| Расширение инициалов личного имени | Виктор Никитович |
| Идентификатор авторитетной/нормативной записи | RU\NLR\AUTH\7760560 |
| Системный номер авторитетной/нормативной записи | 43491 |
| 712 02 - НАИМЕНОВАНИЕ ОРГАНИЗАЦИИ - ВТОРИЧНАЯ ОТВЕТСТВЕННОСТЬ | |
| Код отношения | Прочие |
| Начальный элемент ввода | Всероссийский НИИ экспериментальной физики |
| Идентифицирующий признак | Саров |
| Идентификатор авторитетной/нормативной записи | RU\NLR\AUTH\8810024997 |
| Системный номер авторитетной/нормативной записи | 548243 |
| 801 #0 - ИСТОЧНИК ЗАПИСИ | |
| Страна | Российская Федерация |
| Организация | РГБ |
| Дата составления | 20140429 |
| Правила каталогизации | RCR |
| 942 ## - ДОПОЛНИТЕЛЬНЫЕ ЭЛЕМЕНТЫ ЗАПИСИ (АБИС) | |
| Тип экземпляра АБИС | Книга |
| 980 ## - КОЛЛЕКЦИЯ | |
| Название коллекции | НБР |
Нет доступных экземпляров.